|
|
|
|
| LEADER |
01339nam a2200373 4500 |
| 001 |
DLU120131213 |
| 005 |
##20120214 |
| 040 |
# |
# |
|a DLU
|b vie
|
| 041 |
# |
# |
|a vie
|
| 044 |
# |
# |
|a vn
|
| 082 |
# |
# |
|a 390.095 97
|b Hoi
|
| 245 |
# |
# |
|a Hỏi đáp về luật tục các dân tộc Việt Nam /
|c Nguyễn Thanh Tịnh, ... [et al.] sưu tầm, biên soạn.
|
| 260 |
# |
# |
|a H. :
|b Quân đội Nhân dân,
|c 2009.
|
| 300 |
# |
# |
|a 163 tr. ;
|c 21 cm.
|
| 490 |
# |
# |
|a Tủ sách văn hoá.
|
| 504 |
# |
# |
|a Tài liệu tham khảo: tr. 159.
|
| 505 |
# |
# |
|a Lời nói đầu -- Phần thứ nhất. Quá trình phát triển của luật tục các dân tộc Việt Nam -- Phần thứ hai. Luật tục và việc thi hành luật tục.
|
| 650 |
# |
# |
|a Luật tục
|z Việt Nam
|v Hỏi và đáp.
|
| 700 |
# |
# |
|a Cao Sơn Hoàng,
|e sưu tầm, biên soạn.
|
| 700 |
# |
# |
|a Hà Phương Thảo,
|e sưu tầm, biên soạn.
|
| 700 |
# |
# |
|a Nguyễn Hoài Anh,
|e sưu tầm, biên soạn.
|
| 700 |
# |
# |
|a Nguyễn Thị Thanh,
|e sưu tầm, biên soạn.
|
| 700 |
# |
# |
|a Nguyễn Thanh Tịnh,
|e sưu tầm, biên soạn.
|
| 923 |
# |
# |
|a 01/2012DL
|
| 991 |
# |
# |
|a SH
|
| 992 |
# |
# |
|a 26000
|
| 994 |
# |
# |
|a KDL
|
| 900 |
# |
# |
|a True
|
| 911 |
# |
# |
|a Nguyễn Thanh Hương
|
| 925 |
# |
# |
|a G
|
| 926 |
# |
# |
|a A
|
| 927 |
# |
# |
|a SH
|
| 980 |
# |
# |
|a Thư viện Trường Đại học Đà Lạt
|